| 000 | 01254cam a22003134a 4500 | ||
|---|---|---|---|
| 001 | 12638237 | ||
| 005 | 20160712113328.0 | ||
| 008 | 020108s2003 mdua bf 001 0 eng | ||
| 010 | _a 2002017588 | ||
| 020 | _a0810842610 (alk. paper) | ||
| 040 |
_aDLC _cDLC _dDLC |
||
| 042 | _apcc | ||
| 043 | _an-us--- | ||
| 050 | 0 | 0 |
_aLC4704.74 _b.P37 2003 |
| 082 | 0 | 0 |
_a371.9 _221 |
| 100 | 1 | _aPaquette, Penny Hutchins. | |
| 245 | 1 | 0 |
_aLearning disabilities : _bthe ultimate teen guide / _cPenny Hutchins Paquette, Cheryl Gerson Tuttle. |
| 246 | 3 | 0 | _aUltimate teen guide |
| 260 |
_aLanham, Md. : _bScarecrow Press, _c2003. |
||
| 300 |
_ax, 301 p. : _bill. ; _c26 cm. |
||
| 440 | 0 |
_aIt happened to me ; _vno. 1 |
|
| 504 | _aIncludes bibliographical references (p. 275-291) and index. | ||
| 650 | 0 |
_aLearning disabled teenagers _xEducation _zUnited States _vHandbooks, manuals, etc. |
|
| 650 | 0 |
_aLearning disabilities _vHandbooks, manuals, etc. |
|
| 700 | 1 | _aTuttle, Cheryl Gerson. | |
| 906 |
_a7 _bcbc _corignew _d1 _eocip _f20 _gy-gencatlg |
||
| 942 |
_2lcc _cBOOKS _hLC 4707.74 .P37 2003 |
||
| 999 |
_c11775 _d11775 |
||